Socialismo Democratico y Reforma Agraria /
El documento presenta una compilación de conferencias, presentadas en el Seminario sobre reforma agraria y socialismo democrático, patrocinado por la Fundación Friederich Ebert, desarrollado en República Dominicana. En el que se investigo las reformas agrarias y socialismo democrático.
保存先:
| 第一著者: | |
|---|---|
| 共著者: | , |
| その他の著者: | , , , , |
| フォーマット: | テキスト |
| 言語: | Spanish |
| 出版事項: |
San José:
Talleres de Artes Gráficas de Centroamérica ;
1981
|
| 主題: | |
| タグ: |
タグ追加
タグなし, このレコードへの初めてのタグを付けませんか!
|
MARC
| LEADER | 00000 a a2200000 04500 | ||
|---|---|---|---|
| 001 | 25301 | ||
| 003 | cru CIDCACS/IIS | ||
| 005 | 20230605090350.0 | ||
| 008 | 220121b1981 cr ||||| |||| 00| 0 spa d | ||
| 020 | |a [sin ISBN] | ||
| 040 | |a Centro de Recursos para el Aprendizaje y la Investigación |b spa |c cru IIS | ||
| 090 | |a 03.03.01 C397s | ||
| 100 | |a Cholchol, Jacques | ||
| 110 | |a Centro de Estudios Democráticos de América Latina | ||
| 245 | |a Socialismo Democratico y Reforma Agraria / |a Centro de Estudios Democráticos de América Latina | ||
| 260 | |a San José: |b Talleres de Artes Gráficas de Centroamérica ; |c 1981 | ||
| 300 | |a 167 páginas |b il. | ||
| 500 | |a Colección Centroamérica | ||
| 520 | 3 | |a El documento presenta una compilación de conferencias, presentadas en el Seminario sobre reforma agraria y socialismo democrático, patrocinado por la Fundación Friederich Ebert, desarrollado en República Dominicana. En el que se investigo las reformas agrarias y socialismo democrático. | |
| 650 | 0 | 4 | |0 TESAUROS |9 1919 |a REFORMA AGRARIA |
| 650 | 0 | 0 | |9 2097 |a SOCIALISMO |
| 650 | 0 | 0 | |9 143 |a ECONOMIA |
| 650 | 0 | 0 | |9 3066 |a ASPECTOS POLITICOS |
| 700 | |a García, Antonio | ||
| 700 | |a Molina Chocano, Guillermo | ||
| 700 | |a Maldonado, Guillermo | ||
| 700 | |a Mejía R, Hipólito | ||
| 700 | |a Rodríguez, Francisco | ||
| 710 | |a CEDAL | ||
| 852 | 1 | 1 | |a 03.03.01 C397s |
| 942 | |2 ddc |c LI |h 03.03.01 C397s |k 03.03.01 |m C397s |6 030301_C397S | ||
| 999 | |c 16733 |d 16733 | ||
